| 000 | 00630nam a22001697a 4500 | ||
|---|---|---|---|
| 020 | _qHard Cover. | ||
| 082 | _a200 | ||
| 100 | _aAli, Bahar | ||
| 245 |
_aANALYSIS OF CRITICAL SUCCESS FACTORS FOR STAKEHOLDERS MANGMENT IN HYDROPOWER PROJECT OF PAKISTAN / _cBahar Ali. |
||
| 260 |
_aIslamabad : _bMCE - NUST, _c2014. |
||
| 300 |
_a117 p. : ill. ; _c30cm. |
||
| 650 |
_aMS-Construction Engineering and Management _9126573 |
||
| 700 |
_aSupervisor: Dr. Muhammad Bilal Khurshid _936208 |
||
| 856 | _uhttp://10.250.8.41:8080/xmlui/handle/123456789/41101 | ||
| 942 |
_2ddc _cSC |
||
| 999 |
_c540587 _d540587 |
||